Urdu Sha'ery kay Top 20 Classic Sha'er (Record no. 325030)

000 -LEADER
fixed length control field 00329 a2200121 4500
001 - CONTROL NUMBER
control field 89957
082 ## - DEWEY DECIMAL CLASSIFICATION NUMBER
Classification number 891.4391 MAS
090 ## - LOCALLY ASSIGNED LC-TYPE CALL NUMBER (OCLC); LOCAL CALL NUMBER (RLIN)
-- 42418
-- 42418
100 ## - MAIN ENTRY--PERSONAL NAME
Personal name Masood Mufti
245 ## - TITLE STATEMENT
Title Urdu Sha'ery kay Top 20 Classic Sha'er
Remainder of title Top 20 Classic Sha'er
Medium Urdu
260 ## - PUBLICATION, DISTRIBUTION, ETC.
Place of publication, distribution, etc. Lahore
Name of publisher, distributor, etc. Ilm-o-Irfan Publishers
Date of publication, distribution, etc. 2014
300 ## - PHYSICAL DESCRIPTION
Extent 376p.
942 ## - ADDED ENTRY ELEMENTS (KOHA)
Institution code [OBSOLETE] CAE NUST
Call number prefix 891.4391 MAS
Holdings
Withdrawn status Lost status Damaged status Not for loan Collection code Permanent Location Current Location Date acquired Total Checkouts Full call number Barcode Date last seen Price effective from Koha item type
          College of Aeronautical Engineering (CAE) College of Aeronautical Engineering (CAE) 04/03/2017   891.4391 MAS CAE86651 04/05/2017 04/05/2017 Book
© 2023 Central Library, National University of Sciences and Technology. All Rights Reserved.